Cultural anthropology / (Record no. 85)

MARC details
000 -LEADER
fixed length control field 00703cam a2200217 4500
001 - CONTROL NUMBER
control field 100
005 - DATE AND TIME OF LATEST TRANSACTION
control field 20181127160357.0
008 - FIXED-LENGTH DATA ELEMENTS--GENERAL INFORMATION
fixed length control field 061106s2008 cauab b 001 0 eng
010 ## - LIBRARY OF CONGRESS CONTROL NUMBER
LC control number 2006938004
020 ## - INTERNATIONAL STANDARD BOOK NUMBER
International Standard Book Number 0495095613
International Standard Book Number 9780495095613
245 00 - TITLE STATEMENT
Title Cultural anthropology /
Statement of responsibility, etc. William A. Haviland ... [et al.].
250 ## - EDITION STATEMENT
Edition statement India edition
260 ## - PUBLICATION, DISTRIBUTION, ETC.
Place of publication, distribution, etc. New Delhi:
Name of publisher, distributor, etc. Cengage Learning,
Date of publication, distribution, etc. 2008.
300 ## - PHYSICAL DESCRIPTION
Extent 384 p. :
Other physical details ill., maps ;
Dimensions 28 cm.
504 ## - BIBLIOGRAPHY, ETC. NOTE
Bibliography, etc. note Includes bibliographical references (p. 399-409) and index.
650 #0 - SUBJECT ADDED ENTRY--TOPICAL TERM
Topical term or geographic name entry element Ethnology.
700 ## - ADDED ENTRY--PERSONAL NAME
Personal name Prins, Harald E. L.
Numeration
Titles and other words associated with a name
Dates associated with a name
Relator term
Form subheading
Language of a work
Medium of performance for music
Number of part/section of a work
Arranged statement for music
Name of part/section of a work
Fuller form of name
Key for music
Version
Title of a work
Personal name Haviland, William A.
Personal name Haviland, William A.
Title of a work Cultural anthropology.
Holdings
Withdrawn status Lost status Source of classification or shelving scheme Damaged status Not for loan Collection code Home library Current library Shelving location Date acquired Cost, normal purchase price Serial Enumeration / chronology Inventory number Full call number Barcode Date last seen Copy number Price effective from Koha item type Total Checkouts Date last checked out Total Renewals
    Dewey Decimal Classification     Main TEST RTC Library RTC Library Main opac 05/03/2022 260.00 298 306 HAV 30002608 27/11/2018 4 27/11/2018 Main      
    Dewey Decimal Classification     Fac res RTC Library RTC Library Faculty reserve 23/12/2021 260.00 299 306 HAV 30002345 28/02/2022 1 27/11/2018 Faculty Reserve      
    Dewey Decimal Classification     Main TEST RTC Library RTC Library Main opac 20/10/2021 260.00 300 306 HAV 30002358 05/12/2022 2 27/11/2018 Main 1 13/10/2022  
  Missing Dewey Decimal Classification     Main TEST RTC Library RTC Library Main opac 01/03/2021   4629 306 HAV 30005829 06/07/2021 3 27/11/2018 Main 3 20/02/2021 1
Royal Thimphu College || All Right Reserved